Általános és középiskolás tanulók fittségi eredményeinek és egészség-magatartásának vizsgálata az iskolai testnevelés és sport tükrében

Elmentve itt :
Bibliográfiai részletek
Szerzők: Török Daniella
Orbán Kornélia
Dokumentumtípus: Könyv része
Megjelent: SZTE JGYPK Testnevelési és Sporttudományi Intézet Szeged 2017
Sorozat:László Ferenc Sporttudományi Kutatóműhely 4
Fókuszban a sporttudomány és a testnevelés = Focus on sports science and physical education : sportszakmai tanulmány-, és szakcikk gyűjtemény = studies and abstracts from the area of sports sciences research 4
Kulcsszavak:Egészségmagatartás, Egészségnevelés - általános iskola, Egészségnevelés - középiskola, Testnevelés tanítása - általános iskola, Testnevelés tanítása - középiskola, Sport
Tárgyszavak:
Online Access:http://acta.bibl.u-szeged.hu/75441
LEADER 01440naa a2200265 i 4500
001 acta75441
005 20220426114219.0
008 220426s2017 hu o 0|| hun d
020 |a 978-963-306-565-5 
022 |a 2064-5821 
040 |a SZTE Egyetemi Kiadványok Repozitórium  |b hun 
041 |a hun 
100 1 |a Török Daniella 
245 1 0 |a Általános és középiskolás tanulók fittségi eredményeinek és egészség-magatartásának vizsgálata az iskolai testnevelés és sport tükrében  |h [elektronikus dokumentum] /  |c  Török Daniella 
260 |a SZTE JGYPK Testnevelési és Sporttudományi Intézet  |b Szeged  |c 2017 
300 |a 59-80 
490 0 |a László Ferenc Sporttudományi Kutatóműhely  |v 4 
490 0 |a Fókuszban a sporttudomány és a testnevelés = Focus on sports science and physical education : sportszakmai tanulmány-, és szakcikk gyűjtemény = studies and abstracts from the area of sports sciences research  |v 4 
650 4 |a Orvos- és egészségtudomány 
650 4 |a Egészségtudományok 
650 4 |a Társadalomtudományok 
650 4 |a Oktatástudomány 
695 |a Egészségmagatartás, Egészségnevelés - általános iskola, Egészségnevelés - középiskola, Testnevelés tanítása - általános iskola, Testnevelés tanítása - középiskola, Sport 
700 0 1 |a Orbán Kornélia  |e aut 
856 4 0 |u http://acta.bibl.u-szeged.hu/75441/1/sporttudomany_004_059-080.pdf  |z Dokumentum-elérés